000 00300nam a22001217a 4500
005 20251007095809.0
008 251007b |||||||| |||| 00| 0 eng d
040 _cPK-LaNCA
082 _a721.0218
_bKAR
245 _aKarl Friedrich Schinkel: a universal man
650 _aArchitecture
942 _cBK
999 _c66817
_d66817